[Event "Bad Woerishofen Seniors op 28th"]
[Site "Bad Woerishofen"]
[Date "2012.03.05"]
[Round "4.55"]
[White "Gestrich, Wolfgang"]
[Black "Collins, Alan"]
[Result "0-1"]
[WhiteElo "1303"]
[BlackElo "1644"]
[PlyCount "90"]
[EventDate "2012.03.02"]
[EventType "swiss"]
[EventRounds "9"]
[EventCountry "GER"]
[SourceTitle "EXT 2022"]
[Source "ChessBase"]
[SourceDate "2021.10.06"]
[SourceVersion "1"]
[SourceVersionDate "2021.10.06"]
[SourceQuality "1"]

1. c4 f5 2. Nf3 Nf6 3. d3 d6 4. g3 c6 5. Bg2 g6 6. 0-0 Bg7 7. Nc3 0-0 8. Bd2 e5 9. e4 Na6 10. a3 Nc5 11. Qc2 fxe4 12. dxe4 Be6 13. b3 Qe7 14. Rfe1 a6 15. h3 b5 16. b4 Ncd7 17. cxb5 cxb5 18. Rac1 Nb6 19. Ng5 Bc4 20. Be3 Nfd7 21. Kh2 Rac8 22. h4 h6 23. Nh3 Be6 24. Bf1 Nc4 25. Bxc4 Rxc4 26. Qd2 Nf6 27. f3 Kh7 28. Red1 Rfc8 29. Qxd6 Qxd6 30. Rxd6 Bxh3 31. Kxh3 Rxc3 32. Bd2 Rxc1 33. Bxc1 Rxc1 34. Rxa6 Ra1 35. g4 Ne8 36. Ra8 Nd6 37. a4 Rxa4 38. Rd8 Nc4 39. Rc8 Rxb4 40. Rc5 Nd2 41. Rc3 Rb2 42. Kg3 b4 43. Rc5 b3 44. g5 h5 45. f4 Nxe4+ 0-1

[Event "Bad Woerishofen Seniors op 28th"]
[Site "Bad Woerishofen"]
[Date "2012.03.04"]
[Round "3.59"]
[White "Gestrich, Wolfgang"]
[Black "Miessner, Rolf"]
[Result "1/2-1/2"]
[WhiteElo "1303"]
[BlackElo "1538"]
[PlyCount "77"]
[EventDate "2012.03.02"]
[EventType "swiss"]
[EventRounds "9"]
[EventCountry "GER"]
[SourceTitle "EXT 2022"]
[Source "ChessBase"]
[SourceDate "2021.10.06"]
[SourceVersion "1"]
[SourceVersionDate "2021.10.06"]
[SourceQuality "1"]

1. c4 e5 2. Nc3 Nf6 3. e4 g6 4. g3 Bg7 5. Bg2 0-0 6. Nge2 Nc6 7. d3 b6 8. 0-0 Bb7 9. f4 exf4 10. Bxf4 d6 11. Qd2 Nh5 12. Be3 Ne5 13. h3 Qd7 14. g4 Nf6 15. Bh6 Nfxg4 16. Bxg7 Kxg7 17. hxg4 Qxg4 18. Qf4 f5 19. Qxg4 Nxg4 20. Nf4 Rae8 21. Rae1 Ne5 22. exf5 Bxg2 23. Kxg2 c5 24. Ne6+ Rxe6 25. fxe6 Re8 26. Re3 Rxe6 27. Nd5 h5 28. Nf4 Rf6 29. Nxh5+ gxh5 30. Rxf6 Kxf6 31. a4 a5 32. Kh3 Ng4 33. Rf3+ Ke5 34. Kh4 Kd4 35. Kxh5 Ne3 36. Rf6 Ke5 37. Kg5 Nd1 38. Rf5+ Ke6 39. b3 1/2-1/2

[Event "Berlin Lichtenberger op 8th"]
[Site "Berlin"]
[Date "2009.08.22"]
[Round "8"]
[White "Gestrich, Wolfgang"]
[Black "Metin, Altug"]
[Result "0-1"]
[WhiteElo "1723"]
[BlackElo "1600"]
[PlyCount "64"]
[EventDate "2009.08.15"]
[EventType "swiss"]
[EventRounds "9"]
[EventCountry "GER"]
[SourceTitle "CBM 131 Extra"]
[Source "ChessBase"]
[SourceDate "2009.09.03"]
[SourceVersion "2"]
[SourceVersionDate "2009.09.16"]
[SourceQuality "1"]

1. c4 Nf6 2. Nc3 c6 3. g3 d5 4. cxd5 cxd5 5. d4 Nc6 6. Bg2 Bf5 7. a3 e6 8. e3 Be7 9. Nge2 0-0 10. 0-0 Qb6 11. b4 Rfc8 12. Qd2 Rc7 13. h3 h5 14. Kh2 Rac8 15. f3 Bh7 16. e4 Nxd4 17. Qb2 Nxe2 18. Nxe2 Rc2 19. Qd4 Rxe2 20. Qxb6 axb6 21. Bg5 Rcc2 22. Rg1 dxe4 23. Rac1 exf3 24. Rxc2 Rxc2 25. Rc1 Rxg2+ 26. Kh1 Rc2 27. Rxc2 Bxc2 28. Kg1 Nd5 29. Bc1 Bd3 30. Kf2 Be2 31. Bb2 h4 32. Bd4 b5 0-1

[Event "Bad Woerishofen Seniors op 24th"]
[Site "Bad Woerishofen"]
[Date "2008.03.06"]
[Round "8"]
[White "Gestrich, Wolfgang"]
[Black "Huhn, Ulrich"]
[Result "1/2-1/2"]
[WhiteElo "1556"]
[BlackElo "1659"]
[PlyCount "65"]
[EventDate "2008.02.28"]
[EventType "swiss"]
[EventRounds "9"]
[EventCountry "GER"]
[SourceTitle "EXT 2022"]
[Source "ChessBase"]
[SourceDate "2021.10.06"]
[SourceVersion "1"]
[SourceVersionDate "2021.10.06"]
[SourceQuality "1"]

1. c4 d5 2. cxd5 Nf6 3. Qa4+ Qd7 4. Qxd7+ Nbxd7 5. Nc3 Nb6 6. e4 e6 7. Nb5 Kd8 8. dxe6 Bxe6 9. d3 Bc5 10. Bg5 a6 11. Bxf6+ gxf6 12. Nc3 Ke7 13. Be2 Rhg8 14. g3 f5 15. f4 Rad8 16. Nf3 fxe4 17. dxe4 Bh3 18. Bf1 Bxf1 19. Rxf1 Bb4 20. Nd2 Rd7 21. 0-0-0 Bxc3 22. bxc3 Na4 23. Nb1 b5 24. Rxd7+ Kxd7 25. e5 Ke6 26. Rd1 h5 27. Rd3 Nc5 28. Re3 h4 29. Nd2 hxg3 30. hxg3 Rh8 31. Kc2 Rh2 32. Kd1 Rg2 33. Kc2 1/2-1/2

[Event "Bad Woerishofen Seniors op 24th"]
[Site "Bad Woerishofen"]
[Date "2008.02.28"]
[Round "1"]
[White "Kearsley, Raymond J"]
[Black "Gestrich, Wolfgang"]
[Result "1/2-1/2"]
[WhiteElo "1524"]
[BlackElo "1556"]
[PlyCount "44"]
[EventDate "2008.02.28"]
[EventType "swiss"]
[EventRounds "9"]
[EventCountry "GER"]
[SourceTitle "EXT 2022"]
[Source "ChessBase"]
[SourceDate "2021.10.06"]
[SourceVersion "1"]
[SourceVersionDate "2021.10.06"]
[SourceQuality "1"]

1. e4 d5 2. exd5 Qxd5 3. Nc3 Qd6 4. Nf3 Nf6 5. Be2 c6 6. 0-0 h6 7. b3 Bf5 8. Bb2 e6 9. d4 Be7 10. Na4 0-0 11. c4 Rd8 12. Qd2 b6 13. Rfd1 Ne4 14. Qe3 Ng5 15. Ne5 Qc7 16. g4 Bh7 17. h4 Ne4 18. Bd3 f5 19. Bxe4 fxe4 20. g5 hxg5 21. hxg5 Bf5 22. g6 Nd7 1/2-1/2

[Event "Bad Woerishofen Seniors opA 23rd"]
[Site "Bad Woerishofen"]
[Date "2007.03.15"]
[Round "8"]
[White "Gestrich, Wolfgang"]
[Black "Malik, Heinz"]
[Result "0-1"]
[WhiteElo "1522"]
[BlackElo "1671"]
[PlyCount "100"]
[EventDate "2007.03.08"]
[EventType "swiss"]
[EventRounds "9"]
[EventCountry "GER"]
[SourceTitle "EXT 2022"]
[Source "ChessBase"]
[SourceDate "2021.10.06"]
[SourceVersion "1"]
[SourceVersionDate "2021.10.06"]
[SourceQuality "1"]

1. c4 Nf6 2. Nc3 e6 3. e4 Nc6 4. g3 d5 5. cxd5 exd5 6. d3 dxe4 7. dxe4 Be6 8. Qxd8+ Rxd8 9. Bd2 Bc5 10. f3 Bf2+ 11. Kd1 Be3 12. Nb1 Bxd2 13. Nxd2 Nd4 14. b3 Rd7 15. Kc1 Ke7 16. h3 Rhd8 17. Rh2 b5 18. f4 g6 19. Rb1 Ne8 20. g4 f5 21. gxf5 gxf5 22. e5 Ng7 23. Rg2 Nh5 24. Rf2 a6 25. Rb2 Bd5 26. Ne2 Ne6 27. Nc3 Nhxf4 28. Nxd5+ Rxd5 29. Bg2 Rc5+ 30. Rc2 Nd3+ 31. Kd1 Nxf2+ 32. Kc1 Rxc2+ 33. Kxc2 Nf4 34. Bb7 a5 35. Bc6 Ne4 36. Nxe4 fxe4 37. Bxe4 Nxh3 38. Bxh7 Ke6 39. Bd3 Kxe5 40. Bxb5 c5 41. Kc3 Rd4 42. Bd3 Nf4 43. Bc4 Nd5+ 44. Bxd5 Kxd5 45. a3 Rh4 46. Kd3 Rh3+ 47. Kc2 Kd4 48. Kb2 Rh2+ 49. Kc1 Kc3 50. b4 Rh1# 0-1

[Event "Arco op 28th"]
[Site "Arco"]
[Date "2006.10.26"]
[Round "6"]
[White "Traversi, Carlo"]
[Black "Gestrich, Wolfgang"]
[Result "1-0"]
[WhiteElo "1762"]
[BlackElo "1762"]
[PlyCount "129"]
[EventDate "2006.10.21"]
[EventType "swiss"]
[EventRounds "9"]
[EventCountry "ITA"]
[SourceTitle "EXT 2007"]
[Source "ChessBase"]
[SourceDate "2006.11.23"]
[SourceVersion "1"]
[SourceVersionDate "2006.11.23"]
[SourceQuality "1"]

1. e4 e5 2. Nf3 Nf6 3. Nc3 d6 4. d4 exd4 5. Nxd4 Be7 6. Bd3 0-0 7. 0-0 Re8 8. f3 a6 9. Re1 c5 10. Nde2 Nc6 11. Nf4 b5 12. Ncd5 Nxd5 13. Nxd5 Bf8 14. c4 h6 15. cxb5 Ne7 16. Nxe7+ Rxe7 17. bxa6 Bxa6 18. Bxa6 Rxa6 19. Be3 Rea7 20. Bxc5 Rb7 21. Ba3 Qb6+ 22. Kh1 Be7 23. Qe2 Bf6 24. Rac1 Kh7 25. Rcd1 Be5 26. g3 g5 27. Rd3 Qa7 28. Rb3 Rc7 29. Rd3 Rac6 30. Rd2 Qa5 31. Red1 Qb6 32. Kg2 Kg6 33. Qd3 Rd7 34. Rc2 Rxc2+ 35. Qxc2 Rc7 36. Qe2 Rc6 37. b3 Qa6 38. Qxa6 Rxa6 39. Bb4 Rxa2+ 40. Rd2 Rxd2+ 41. Bxd2 Kf6 42. Kf2 Bd4+ 43. Ke2 Bg1 44. h3 Bh2 45. Be1 Bg1 46. Bf2 Bxf2 47. Kxf2 Ke5 48. Ke3 f5 49. b4 f4+ 50. gxf4+ gxf4+ 51. Kd3 Ke6 52. Kd4 Kd7 53. Kd5 h5 54. h4 Kc7 55. b5 Kb6 56. Kxd6 Kxb5 57. Ke5 Kc6 58. Kxf4 Kd6 59. Kf5 Ke7 60. f4 Kf7 61. Kg5 Ke6 62. Kg6 Ke7 63. Kg7 Ke6 64. f5+ Ke7 65. f6+ 1-0

[Event "Arco op 28th"]
[Site "Arco"]
[Date "2006.10.23"]
[Round "3"]
[White "Gestrich, Wolfgang"]
[Black "Cottarelli, Franco"]
[Result "0-1"]
[WhiteElo "1762"]
[BlackElo "1958"]
[PlyCount "90"]
[EventDate "2006.10.21"]
[EventType "swiss"]
[EventRounds "9"]
[EventCountry "ITA"]
[SourceTitle "EXT 2007"]
[Source "ChessBase"]
[SourceDate "2006.11.23"]
[SourceVersion "1"]
[SourceVersionDate "2006.11.23"]
[SourceQuality "1"]

1. c4 f5 2. Nf3 Nf6 3. g3 d6 4. d4 g6 5. Bg2 Bg7 6. Nc3 0-0 7. 0-0 Qe8 8. b3 Na6 9. Bd2 h6 10. Qc1 Kh7 11. h3 e5 12. dxe5 dxe5 13. Nh2 c6 14. e4 fxe4 15. Be3 Qe7 16. g4 Nc5 17. Qa3 b6 18. Bxc5 bxc5 19. Bxe4 Bd7 20. Bg2 h5 21. g5 Ne8 22. Ne4 Bf5 23. h4 Rd8 24. Qxc5 Qd7 25. Rad1 Qxd1 26. Rxd1 Rxd1+ 27. Nf1 Re1 28. Qxc6 Bg4 29. Qc5 Rf4 30. Neg3 e4 31. Qe7 e3 32. fxe3 Rf8 33. Qxa7 Nd6 34. Qe7 Nf5 35. Qa7 Nxe3 36. Qa5 Nxg2 37. Kxg2 Bf3+ 38. Kh2 Rb1 39. Qd2 Rb2 40. Qxb2 Bxb2 41. Ne3 Be5 42. a4 Bb7 43. Nef1 Rf2+ 44. Kg1 Rg2+ 45. Kh1 Rxg3+ 0-1

[Event "Arco op 28th"]
[Site "Arco"]
[Date "2006.10.21"]
[Round "1"]
[White "Gestrich, Wolfgang"]
[Black "Knors, Rudi"]
[Result "0-1"]
[WhiteElo "1762"]
[BlackElo "2071"]
[PlyCount "60"]
[EventDate "2006.10.21"]
[EventType "swiss"]
[EventRounds "9"]
[EventCountry "ITA"]
[SourceTitle "EXT 2007"]
[Source "ChessBase"]
[SourceDate "2006.11.23"]
[SourceVersion "1"]
[SourceVersionDate "2006.11.23"]
[SourceQuality "1"]

1. c4 c6 2. Nc3 d5 3. cxd5 cxd5 4. d4 Nf6 5. g3 Nc6 6. Bg2 Bf5 7. a3 e6 8. e3 Bd6 9. Nge2 0-0 10. 0-0 Rc8 11. b4 a6 12. Bb2 b5 13. h3 h6 14. f4 h5 15. Kh2 Qb6 16. Re1 a5 17. bxa5 Nxa5 18. Bf1 Nc4 19. Bc1 Ra8 20. Qb3 Rfb8 21. a4 bxa4 22. Qxb6 Rxb6 23. Rxa4 Rxa4 24. Nxa4 Rb1 25. Nac3 Ra1 26. Nb5 Bb4 27. Nec3 Ne4 28. Bxc4 Nxc3 29. Bd2 Rxe1 30. Bxe1 Nxb5 0-1

[Event "Seefeld op 17th"]
[Site "Seefeld"]
[Date "2006.09.25"]
[Round "3"]
[White "Gestrich, Wolfgang"]
[Black "Werner, Bernd"]
[Result "0-1"]
[WhiteElo "1756"]
[BlackElo "1980"]
[PlyCount "94"]
[EventDate "2006.09.23"]
[EventType "swiss"]
[EventRounds "9"]
[EventCountry "AUT"]
[SourceTitle "EXT 2009"]
[Source "ChessBase"]
[SourceDate "2008.11.26"]
[SourceVersion "1"]
[SourceVersionDate "2008.11.26"]
[SourceQuality "1"]

1. c4 Nf6 2. Nc3 d5 3. cxd5 Nxd5 4. g3 g6 5. Bg2 c6 6. Nxd5 cxd5 7. d4 Bg7 8. e3 0-0 9. Ne2 Nc6 10. a3 Re8 11. 0-0 Bg4 12. h3 Bxe2 13. Qxe2 e6 14. b4 Rc8 15. Bb2 Qd7 16. Rfc1 a6 17. Rc2 Na7 18. Rac1 Rxc2 19. Rxc2 Rc8 20. Qd2 Rxc2 21. Qxc2 Qc6 22. Qxc6 Nxc6 23. f4 f5 24. Bf1 b5 25. h4 Kf7 26. Kf2 h5 27. Bd3 Ke7 28. Bc3 Kd7 29. Bc2 Bf8 30. Bd3 Kc7 31. Bb2 Kb6 32. Ke2 a5 33. bxa5+ Nxa5 34. Kd1 Nc4 35. Bxc4 bxc4 36. Kc2 Kb5 37. Kc3 Ka4 38. Kc2 Bxa3 39. Bxa3 Kxa3 40. Kc3 Ka4 41. Kc2 Kb4 42. Kb2 c3+ 43. Kc1 Kb3 44. Kb1 c2+ 45. Kc1 Kc3 46. e4 fxe4 47. f5 e3 0-1

[Event "Seefeld op 17th"]
[Site "Seefeld"]
[Date "2006.09.23"]
[Round "1"]
[White "Gestrich, Wolfgang"]
[Black "Becking, Franz Josef"]
[Result "0-1"]
[WhiteElo "1756"]
[BlackElo "2076"]
[PlyCount "152"]
[EventDate "2006.09.23"]
[EventType "swiss"]
[EventRounds "9"]
[EventCountry "AUT"]
[SourceTitle "EXT 2009"]
[Source "ChessBase"]
[SourceDate "2008.11.26"]
[SourceVersion "1"]
[SourceVersionDate "2008.11.26"]
[SourceQuality "1"]

1. c4 e6 2. Nc3 d5 3. cxd5 exd5 4. d4 c6 5. g3 Bf5 6. Bg2 Nf6 7. h3 Bd6 8. e3 Nbd7 9. Nge2 Qe7 10. g4 Bg6 11. f4 Be4 12. 0-0 Bxg2 13. Kxg2 0-0-0 14. Ng3 g6 15. g5 Ne8 16. Qf3 f5 17. a3 h6 18. h4 hxg5 19. hxg5 Ng7 20. Rh1 Rxh1 21. Nxh1 Rh8 22. Bd2 Nb6 23. Rf1 Nc4 24. Bc1 Ne6 25. Ng3 Rh4 26. Nce2 Qh7 27. Rh1 Bc7 28. Rxh4 Qxh4 29. Qf2 Nd6 30. Nf1 Qg4+ 31. Nfg3 a5 32. Qf3 Qh4 33. b3 Ne4 34. Qf1 Nxg3 35. Nxg3 Nxg5 36. Qh1 Qxh1+ 37. Nxh1 Ne4 38. Nf2 Nxf2 39. Kxf2 b5 40. Bd2 Kd7 41. Kg2 Ke6 42. Kh3 Kf6 43. Be1 g5 44. fxg5+ Kxg5 45. Bh4+ Kh5 46. Bg3 Bd8 47. Bf4 Be7 48. a4 Bb4 49. Kg3 Be1+ 50. Kf3 Kg6 51. Bc7 Kf6 52. Kf4 Ke6 53. Bb8 Bd2 54. Kf3 Bb4 55. Bf4 bxa4 56. bxa4 c5 57. dxc5 Bxc5 58. Ke2 Kd7 59. Bg5 Be7 60. Bf4 Kc6 61. Kd3 Kc5 62. Kc3 Bf6+ 63. Kb3 Bh4 64. Be5 Be1 65. Bd4+ Kd6 66. Bb6 Kc6 67. Bd8 Bd2 68. Bg5 d4 69. e4 Bxg5 70. exf5 Kc5 71. Kc2 Kc4 72. Kb2 Kb4 73. Kc2 Kxa4 74. Kd3 Bf6 75. Kc4 Ka3 76. Kb5 d3 0-1

[Event "Liechtenstein Seniors op 06th"]
[Site "Triesen"]
[Date "2006.05.21"]
[Round "3"]
[White "Studer, Kurt"]
[Black "Gestrich, Wolfgang"]
[Result "0-1"]
[WhiteElo "2010"]
[BlackElo "1721"]
[PlyCount "116"]
[EventDate "2006.05.19"]
[EventType "swiss"]
[EventRounds "9"]
[EventCountry "LIE"]
[SourceTitle "CBM 112 Extra"]
[Source "ChessBase"]
[SourceDate "2006.07.14"]
[SourceVersion "1"]
[SourceVersionDate "2006.07.14"]
[SourceQuality "1"]

1. e4 e5 2. Nf3 Nf6 3. Nc3 d6 4. h3 Nc6 5. Bb5 Bd7 6. d4 exd4 7. Nxd4 Ne5 8. Bxd7+ Qxd7 9. 0-0 a6 10. Nde2 Be7 11. b3 Qc6 12. f3 Qc5+ 13. Kh2 0-0-0 14. a4 d5 15. exd5 Nxd5 16. Qe1 Nxc3 17. Qxc3 Qxc3 18. Nxc3 Rd7 19. Ne4 Rhd8 20. Be3 f5 21. Nf2 Bd6 22. f4 Ng6 23. g3 Bb4 24. Nd3 Re8 25. Bg1 Bc3 26. Rad1 Re2+ 27. Rf2 Re8 28. Rg2 Rde7 29. Rf1 b6 30. h4 h5 31. Rf3 Bf6 32. Rf1 Kb7 33. Rd2 Bc3 34. Rg2 Nf8 35. Kh3 Nh7 36. Rf3 Bf6 37. c4 Re6 38. c5 Rd8 39. cxb6 cxb6 40. Rc2 Bd4 41. Bxd4 Rxd4 42. Ne5 Nf6 43. Rfc3 Nd5 44. Rc8 Re7 45. Rf8 Ne3 46. Rcc8 Rd1 47. Rb8+ Kc7 48. Rfc8+ Kd6 49. Rd8+ Kc7 50. Rdc8+ Kd6 51. Rxb6+ Kd5 52. Rd8+ Ke4 53. Rxd1 Nxd1 54. Rxa6 Rb7 55. Re6 Rxb3 56. Nd7+ Kf3 57. Ne5+ Kf2 58. Rg6 Kg1 0-1

[Event "Bad Woerishofen Seniors opA 22th"]
[Site "Bad Woerishofen"]
[Date "2006.03.20"]
[Round "4"]
[White "Gestrich, Wolfgang"]
[Black "Kreie, Guenther"]
[Result "0-1"]
[WhiteElo "1489"]
[BlackElo "1819"]
[PlyCount "112"]
[EventDate "2006.03.17"]
[EventType "swiss"]
[EventRounds "9"]
[EventCountry "GER"]
[SourceTitle "EXT 2022"]
[Source "ChessBase"]
[SourceDate "2021.10.06"]
[SourceVersion "1"]
[SourceVersionDate "2021.10.06"]
[SourceQuality "1"]

1. c4 Nf6 2. Nc3 e6 3. e4 d5 4. cxd5 exd5 5. exd5 Nxd5 6. g3 Nb4 7. Qe2+ Be7 8. d3 0-0 9. a3 N4c6 10. Be3 Be6 11. Bg2 Bf6 12. Nf3 Nd7 13. 0-0 Nb6 14. Rfd1 g6 15. Bh6 Re8 16. Qd2 Bg4 17. Be3 Bd4 18. h3 Bxf3 19. Bxf3 Ne5 20. Bg2 c6 21. Ne4 Bxe3 22. fxe3 Qe7 23. Qe2 f5 24. Nc3 Rad8 25. e4 Qg5 26. Kh2 f4 27. gxf4 Qxf4+ 28. Kg1 Qg5 29. d4 Nec4 30. Rd3 Rf8 31. b3 Nd6 32. Rf1 Rxf1+ 33. Qxf1 Rf8 34. Rf3 Rxf3 35. Qxf3 Qc1+ 36. Bf1 Qxa3 37. Qf6 Qxb3 38. Qxd6 Qxc3 39. Qb8+ Kg7 40. Qxb7+ Kh6 41. Kh2 Qxd4 42. Qxc6 Nd7 43. Qd5 Ne5 44. Bg2 Qxd5 45. exd5 Nc4 46. Bf1 Nd6 47. h4 Kg7 48. Kg3 Kf7 49. Kf4 Kf6 50. Bh3 a5 51. Bd7 h6 52. Bc6 Nf5 53. Be8 Nxh4 54. Bd7 Nf5 55. Bb5 g5+ 56. Ke4 Nd6+ 0-1

[Event "Brandenburg-ch Seniors 22nd"]
[Site "Berlin"]
[Date "2006.02.28"]
[Round "8"]
[White "Gestrich, Wolfgang"]
[Black "Janzen, Christian"]
[Result "0-1"]
[WhiteElo "1450"]
[BlackElo "1620"]
[PlyCount "82"]
[EventDate "2006.02.20"]
[EventType "swiss"]
[EventRounds "9"]
[EventCountry "GER"]
[SourceTitle "EXT 2007"]
[Source "ChessBase"]
[SourceDate "2006.11.23"]
[SourceVersion "1"]
[SourceVersionDate "2006.11.23"]
[SourceQuality "1"]

1. c4 e6 2. Nc3 d5 3. cxd5 exd5 4. d4 c6 5. g3 Nf6 6. Bg2 Bf5 7. h3 h6 8. g4 Bh7 9. e3 Bd6 10. Nge2 0-0 11. 0-0 Re8 12. f4 Be4 13. Nxe4 Nxe4 14. Bxe4 Rxe4 15. Ng3 Re8 16. a3 Nd7 17. b4 Nb6 18. Ra2 Nc4 19. Qd3 b5 20. Rff2 Be7 21. Rf3 a5 22. Nf5 Bf8 23. Qb3 axb4 24. axb4 Rxa2 25. Qxa2 Bxb4 26. Kg2 Qa5 27. Rf2 Ra8 28. Qxa5 Rxa5 29. Ng3 Ra1 30. Bb2 Rb1 31. Kf3 Rxb2 32. Rxb2 Nxb2 33. e4 Nc4 34. exd5 cxd5 35. Nf5 Ba3 36. Ne3 Nxe3 37. Kxe3 Bc1+ 38. Kd3 Bxf4 39. Kc3 Bd6 40. Kb3 g6 41. h4 f5 0-1

[Event "Brandenburg-ch Seniors 22nd"]
[Site "Berlin"]
[Date "2006.02.21"]
[Round "2"]
[White "Gestrich, Wolfgang"]
[Black "Pilz, Joachim"]
[Result "1/2-1/2"]
[WhiteElo "1450"]
[BlackElo "1667"]
[PlyCount "31"]
[EventDate "2006.02.20"]
[EventType "swiss"]
[EventRounds "9"]
[EventCountry "GER"]
[SourceTitle "EXT 2007"]
[Source "ChessBase"]
[SourceDate "2006.11.23"]
[SourceVersion "1"]
[SourceVersionDate "2006.11.23"]
[SourceQuality "1"]

1. c4 Nf6 2. Nc3 g6 3. g3 Bg7 4. Bg2 e5 5. e4 0-0 6. Nge2 d6 7. 0-0 c6 8. d3 h6 9. f4 Ng4 10. h3 Qb6+ 11. d4 Nf6 12. fxe5 dxe5 13. Na4 Qc7 14. d5 cxd5 15. cxd5 b5 16. Nac3 1/2-1/2

[Event "Wch Seniors 15th"]
[Site "Lignano Sabbiadoro"]
[Date "2005.10.06"]
[Round "8"]
[White "Gestrich, Wolfgang"]
[Black "Schwertel, Johann"]
[Result "0-1"]
[WhiteElo "1767"]
[BlackElo "2068"]
[PlyCount "98"]
[EventDate "2005.09.28"]
[EventType "swiss"]
[EventRounds "11"]
[EventCountry "ITA"]
[SourceTitle "CBM 108 Extra"]
[Source "ChessBase"]
[SourceDate "2005.11.04"]
[SourceVersion "1"]
[SourceVersionDate "2005.11.04"]
[SourceQuality "1"]

1. c4 e5 2. Nc3 Nf6 3. e4 Nc6 4. g3 Bc5 5. Bg2 d6 6. h3 Bd7 7. Na4 Bd4 8. Ne2 0-0 9. Nxd4 Nxd4 10. Nc3 a6 11. d3 b5 12. b3 bxc4 13. bxc4 c6 14. Ne2 Ne6 15. 0-0 Qe7 16. Be3 Rfb8 17. Qc2 c5 18. Rfb1 Qd8 19. Rxb8 Rxb8 20. Rb1 Rb6 21. Rxb6 Qxb6 22. Qb3 Qxb3 23. axb3 Kf8 24. f4 Ne8 25. fxe5 dxe5 26. Bc1 Ke7 27. h4 N8c7 28. Kh2 Kd6 29. Bb2 f6 30. Bh3 g6 31. g4 Ng7 32. Kg3 Nge6 33. Bc3 h6 34. Bd2 g5 35. h5 Nf4 36. Nxf4 gxf4+ 37. Kh4 Ne6 38. Bc3 Nd4 39. Bxd4 cxd4 40. Bg2 Kc5 41. Bf3 Kb4 42. Kh3 a5 43. Kg2 Kxb3 44. Bd1+ Kc3 45. Kf2 a4 46. Bxa4 Bxa4 47. Ke2 Bd7 48. Kf2 Kxd3 49. c5 Kc4 0-1

[Event "Wch Seniors 15th"]
[Site "Lignano Sabbiadoro"]
[Date "2005.10.02"]
[Round "5"]
[White "Rauscher, Erwin"]
[Black "Gestrich, Wolfgang"]
[Result "1/2-1/2"]
[WhiteElo "1631"]
[BlackElo "1767"]
[PlyCount "50"]
[EventDate "2005.09.28"]
[EventType "swiss"]
[EventRounds "11"]
[EventCountry "ITA"]
[SourceTitle "CBM 108 Extra"]
[Source "ChessBase"]
[SourceDate "2005.11.04"]
[SourceVersion "1"]
[SourceVersionDate "2005.11.04"]
[SourceQuality "1"]

1. f4 Nf6 2. b3 d5 3. Bb2 e6 4. Nf3 Bd6 5. g3 0-0 6. Bg2 Nc6 7. 0-0 b6 8. e3 Ba6 9. Re1 Qe7 10. a4 Nb4 11. Ba3 Nc6 12. Bf1 Bxf1 13. Rxf1 Bxa3 14. Nxa3 a6 15. h3 Ne4 16. Kh2 f5 17. d3 Nd6 18. Qd2 Rf6 19. Rg1 Rh6 20. Qc3 Nd8 21. b4 Rc8 22. Qb2 c5 23. bxc5 bxc5 24. Rab1 Qb7 25. Qxb7 N8xb7 1/2-1/2

[Event "Wch Seniors 15th"]
[Site "Lignano Sabbiadoro"]
[Date "2005.09.28"]
[Round "1"]
[White "Fotland, Hans Christian"]
[Black "Gestrich, Wolfgang"]
[Result "1-0"]
[WhiteElo "2131"]
[BlackElo "1767"]
[PlyCount "47"]
[EventDate "2005.09.28"]
[EventType "swiss"]
[EventRounds "11"]
[EventCountry "ITA"]
[SourceTitle "CBM 108 Extra"]
[Source "ChessBase"]
[SourceDate "2005.11.04"]
[SourceVersion "1"]
[SourceVersionDate "2005.11.04"]
[SourceQuality "1"]

1. d4 Nf6 2. c4 d6 3. Nc3 Bf5 4. f3 h6 5. e4 Bh7 6. Be3 Nbd7 7. Bd3 c6 8. Nge2 e5 9. Qd2 Qc7 10. 0-0 a6 11. Rac1 c5 12. Nd5 Nxd5 13. cxd5 b6 14. f4 f6 15. fxe5 dxe5 16. dxc5 bxc5 17. Nc3 Qa7 18. Na4 Rb8 19. Qf2 Bd6 20. b4 0-0 21. bxc5 Nxc5 22. Nxc5 Bxc5 23. Bxc5 Qc7 24. Ba3 1-0

[Event "Seefeld op 16th"]
[Site "Seefeld"]
[Date "2005.09.19"]
[Round "3"]
[White "Gestrich, Wolfgang"]
[Black "Dalla Santa, Odile"]
[Result "1-0"]
[WhiteElo "1767"]
[BlackElo "1120"]
[PlyCount "55"]
[EventDate "2005.09.17"]
[EventType "swiss"]
[EventRounds "9"]
[EventCountry "AUT"]
[SourceTitle "EXT 2007"]
[Source "ChessBase"]
[SourceDate "2006.11.23"]
[SourceVersion "1"]
[SourceVersionDate "2006.11.23"]
[SourceQuality "1"]

1. c4 c5 2. Nc3 e6 3. e4 d6 4. g3 Nf6 5. Bg2 Be7 6. Nge2 b6 7. e5 dxe5 8. Bxa8 Bd7 9. Bg2 0-0 10. 0-0 Na6 11. a3 Nc7 12. b3 Nfe8 13. Bb2 a6 14. Na2 b5 15. Bxe5 f6 16. Bb2 Nd6 17. d3 e5 18. Nac3 Be6 19. Re1 b4 20. axb4 cxb4 21. Ne4 f5 22. Nc5 Qc8 23. Bxe5 Rf7 24. Nf4 g5 25. Nfxe6 Nxe6 26. Nxa6 Nc5 27. Nxb4 Ne6 28. Ra8 1-0